Дело по отношению господина министра государственных имуществ об устройстве дорог в Архангельской губернии и перевозов

Доступно только в Электронных читальных залах Найти на картеНа карте
RUSMARC
00003707nmc2a22000003x 450
0010896a093-6646-48db-a4a4-10664612b607
00520180529113149.0
100##$a20160302l18431854k l0rusy0189 ca
1010#$arus
102##$aRU
2001#$aДело по отношению господина министра государственных имуществ об устройстве дорог в Архангельской губернии и перевозов
$j14 июля 1843 г. - 1 сентября 1854 г.
251##$cДело
300##$aДело
801#0$aRU
$bРГИА
$c20160302
$gRCR
801#1$aRU
$bГлавНИВЦ
$c20160302
$2rusmarc
801#2$aRU
$bПБ им. Б.Н. Ельцина
$c20180529
$gRCR
$2rusmarc
850##$aРГИА
852##$aРГИА
$eФедеральное казенное учреждение "Российский государственный исторический архив" (РГИА)
$j1232
937##$hРГИА
$d12197784
$aASBIBLIO_SCAN
462#0$1001e71f34c7-6ba6-4504-897e-253c950c25bd
$12001
$a1841-1843 гг. Дела Департамента полиции исполнительной МВД за 1843 г.
$1251
$cОпись
$1852
$j8
461#0$10013e300ed0-cd39-49af-8489-5ba5b90fa401
$12001
$aДепартамент полиции исполнительной МВД
$1251
$cФонд
$1852
$j1286
215##$a69 л.
$d36,5х26 см
371##$aДокумент не является опубликованным и широко распространяемым
105##$ay###
1222#$ad
035##$a0896a093-6646-48db-a4a4-10664612b607
856##$uhttp://readingroom.main.prlib.ru/item.aspx?id_node=n115543294&mode=full
Формат отображения